[Event "London Classic Open 2019"]
[Site "London ENG"]
[Date "2019.11.30"]
[Round "3.59"]
[White "Sarpotdar, Amogh"]
[Black "Bansal, Saahil"]
[Result "1-0"]
[WhiteElo "2015"]
[BlackElo "1751"]
[WhiteFideId "5069521"]
[BlackFideId "438316"]
[EventDate "2019.11.29"]

1. e4 e6 2. d4 d5 3. exd5 exd5 4. Bd3 Bd6 5. Ne2 Ne7 6. Bg5 f6 7. Bh4 Nbc6 8. c3
Bg4 9. Qc2 Qd7 10. Nd2 O-O-O 11. O-O-O Rde8 12. Rde1 Kb8 13. Bg3 Bf5 14. Bxd6
cxd6 15. Kb1 Rc8 16. Bxf5 Nxf5 17. Qd3 Rc7 18. Nf4 Nfxd4 19. Nxd5 Ne5 20. Rxe5
dxe5 21. Nxc7 Kxc7 22. cxd4 exd4 23. Qg3+ Kd8 24. Qb8+ Qc8 25. Qxc8+ Kxc8 26.
Kc2 Re8 27. Kd3 Kd7 28. Rc1 Kd6 29. Nf3 Re7 30. Rc4 b5 31. Rxd4+ Kc5 32. b4+ Kc6
33. h4 a5 34. a3 Ra7 35. h5 axb4 36. axb4 Ra3+ 37. Ke4 Rb3 38. Kf5 Rb2 39. Nd2
Ra2 40. Ke6 Ra6 41. Rd6+ Kb7 42. Rxa6 Kxa6 43. Ne4 f5 44. Kxf5 g6+ 45. hxg6
hxg6+ 46. Kxg6 Ka7 47. Kf5 Kb6 48. Ke5 Ka7 49. f4 Kb6 50. f5 Ka6 51. f6 Ka7 52.
f7 Kb6 53. f8=Q Kc7 54. Nc5 Kb6 55. Qb8+ Kc6 56. Qd6# 1-0

[Event "London Classic Open 2019"]
[Site "London ENG"]
[Date "2019.11.30"]
[Round "3.60"]
[White "Penna, Tommaso"]
[Black "Gaier, Walter"]
[Result "1-0"]
[WhiteElo "2007"]
[BlackElo "1750"]
[WhiteFideId "847836"]
[BlackFideId "1310186"]
[EventDate "2019.11.29"]

1. e4 c5 2. Nf3 d6 3. d4 cxd4 4. Nxd4 Nf6 5. Nc3 a6 6. Be2 g6 7. O-O Bg7 8. Re1
O-O 9. Bf1 Nbd7 10. a4 e6 11. Nb3 Qc7 12. Bf4 Ne5 13. a5 Bd7 14. Qd2 Bc6 15. Nd4
Nh5 16. Bg5 Rae8 17. Red1 f6 18. Bh4 d5 19. Nxc6 bxc6 20. Bxa6 Bh6 21. Qe1 Bf4
22. Bg3 Bxg3 23. hxg3 Nxg3 24. Qe3 Nxe4 25. Nxe4 dxe4 26. Qxe4 Re7 27. Be2 f5
28. Qd4 Rd7 29. Qc5 Rd5 30. Rxd5 exd5 31. a6 Ra8 32. c4 dxc4 33. Bxc4+ Kg7 34.
Re1 Re8 35. Kf1 Kf6 36. f4 Nxc4 37. Rxe8 Qxf4+ 38. Qf2 Qc1+ 39. Re1 Nd2+ 40. Kg1
Qxb2 41. a7 Qa3 42. Qh4+ 1-0

[Event "London Classic Open 2019"]
[Site "London ENG"]
[Date "2019.11.30"]
[Round "3.62"]
[White "Jukes, Sam"]
[Black "Gamal, Alaa"]
[Result "1-0"]
[WhiteElo "1899"]
[BlackElo "1718"]
[WhiteFideId "1803182"]
[BlackFideId "469114"]
[EventDate "2019.11.29"]

1. e4 c5 2. Nf3 g6 3. d4 cxd4 4. Nxd4 Bg7 5. Nc3 Nc6 6. Be3 Nf6 7. Be2 d6 8. O-O
O-O 9. Rb1 Nxd4 10. Bxd4 Be6 11. f4 Qa5 12. f5 Bd7 13. b4 Qc7 14. Bxf6 Bxf6 15.
Nd5 Qc6 16. fxg6 Bg5 17. gxh7+ Kxh7 18. Bd3 Kh6 19. Qf3 f5 20. exf5 Rg8 21. Qh3+
Kg7 22. f6+ Bxf6 23. Qh7+ Kf8 24. Qxe7# 1-0

[Event "London Classic Open 2019"]
[Site "London ENG"]
[Date "2019.11.30"]
[Round "3.63"]
[White "Thatte, Nishchal"]
[Black "Ciocan, Maria-Alexandra"]
[Result "1-0"]
[WhiteElo "1711"]
[BlackElo "2058"]
[WhiteFideId "447234"]
[BlackFideId "1227130"]
[EventDate "2019.11.29"]

1. e4 e6 2. d4 d5 3. Nd2 Nf6 4. e5 Nfd7 5. Bd3 c5 6. c3 Nc6 7. Ne2 cxd4 8. cxd4
f6 9. exf6 Nxf6 10. Nf3 Bd6 11. O-O Qc7 12. Nc3 a6 13. h3 O-O 14. Re1 Bd7 15.
Be3 Rae8 16. Rc1 Re7 17. Ne5 Be8 18. Bg5 Qb6 19. Na4 Qa5 20. Bd2 Qd8 21. Bg5 Bh5
22. g4 Be8 23. Bxa6 Ne4 24. Rxe4 dxe4 25. Bxb7 Bxe5 26. Bxe7 Nxe7 27. dxe5 Qxd1+
28. Rxd1 Bxa4 29. Rd4 Bc6 30. Bxc6 Nxc6 31. Rxe4 Ra8 32. a3 g5 33. h4 gxh4 34.
Kg2 Rb8 35. b4 Ra8 36. b5 h3+ 37. Kh2 Ne7 38. a4 Nd5 39. Rc4 Kf7 40. Kxh3 Ke7
41. f4 Kd7 42. f5 Rf8 43. f6 Ra8 44. g5 Rg8 45. Rh4 Rxg5 46. Rxh7+ Kd8 47. a5
Rxe5 48. a6 Nb6 49. Rb7 Rxb5 50. f7 Rf5 51. Rxb6 Rxf7 52. Rb8+ 1-0

[Event "London Classic Open 2019"]
[Site "London ENG"]
[Date "2019.11.30"]
[Round "3.64"]
[White "Mohnblatt, Daniel"]
[Black "Chakanyuka, Charles"]
[Result "1/2-1/2"]
[WhiteElo "1688"]
[BlackElo "2036"]
[WhiteFideId "648582"]
[BlackFideId "11000341"]
[EventDate "2019.11.29"]

1. d4 d6 2. e4 Nf6 3. Nc3 g6 4. f4 Bg7 5. Nf3 O-O 6. Bd3 c6 7. O-O Qc7 8. h3 e6
9. Be3 b5 10. a3 a6 11. Qd2 Bb7 12. f5 Nbd7 13. fxe6 fxe6 14. Bh6 c5 15. Bxg7
Kxg7 16. Qe3 Rae8 17. Rae1 cxd4 18. Nxd4 Qb6 19. Nf3 Nh5 20. Qxb6 Nxb6 21. Ng5
h6 22. Rxf8 Kxf8 23. Rf1+ Kg8 24. Nf7 Bc6 25. Nxh6+ Kg7 26. Ng4 Nd7 27. b4 Nb6
28. e5 d5 29. Nf6 Rh8 30. Ne2 g5 31. Nd4 Bd7 32. Nxh5+ Rxh5 33. Rf6 Rh6 34. Rf3
Nc4 35. Bxc4 dxc4 36. g4 Bc8 37. Kh2 Bb7 38. Rf2 Bd5 39. Kg3 1/2-1/2

[Event "London Classic Open 2019"]
[Site "London ENG"]
[Date "2019.11.30"]
[Round "3.65"]
[White "De Coverly, Roger D"]
[Black "Cotter, Len"]
[Result "1-0"]
[WhiteElo "1974"]
[BlackElo "1665"]
[WhiteFideId "405213"]
[BlackFideId "431419"]
[EventDate "2019.11.29"]

1. e4 c5 2. c3 Nf6 3. e5 Nd5 4. d4 e6 5. Nf3 a6 6. Be2 Nc6 7. O-O b5 8. a4 Rb8
9. axb5 axb5 10. Na3 Nc7 11. dxc5 Bxc5 12. Bg5 Be7 13. Bxe7 Qxe7 14. Qd6 Rb7 15.
Rfd1 Qd8 16. Nd4 Na7 17. Bf3 Nd5 18. Bxd5 Rb6 19. Qc5 exd5 20. Nf5 Rg8 21. Nd6+
Rxd6 22. exd6 Nc6 23. Nxb5 f6 24. Nc7+ Kf7 25. Qxd5+ Kg6 26. b4 Ne5 27. f4 Ng4
28. h3 Nh6 29. g4 f5 30. g5 Nf7 31. Ra5 Nxg5 32. Qxf5+ Kh6 33. fxg5+ Kh5 34. g6+ 1-0

[Event "London Classic Open 2019"]
[Site "London ENG"]
[Date "2019.11.30"]
[Round "3.66"]
[White "Karamazondo, Ernest"]
[Black "Jekel, Wolfgang"]
[Result "1-0"]
[WhiteElo "1972"]
[BlackElo "1662"]
[WhiteFideId "447340"]
[BlackFideId "4690370"]
[EventDate "2019.11.29"]

1. e4 d5 2. exd5 Qxd5 3. Nc3 Qd6 4. Nf3 Nf6 5. d4 c6 6. Bd3 Bg4 7. h3 Bxf3 8.
Qxf3 e6 9. Bf4 Qd8 10. O-O-O Bd6 11. Be5 Be7 12. g4 Nbd7 13. Bg3 Nb6 14. Kb1
Nbd5 15. Nxd5 Qxd5 16. Qe2 O-O-O 17. c4 Qxd4 18. g5 Nd7 19. h4 Qb6 20. Bc2 Qc5
21. a3 a5 22. Qf3 f6 23. Rhe1 e5 24. Bf5 Qxc4 25. Rc1 Qb5 26. Re3 Kb8 27. Rb3
Qa4 28. Rxc6 Nc5 29. Rxc5 Qxb3 30. Qxb3 Bxc5 31. Qb5 b6 32. b4 1-0

[Event "London Classic Open 2019"]
[Site "London ENG"]
[Date "2019.11.30"]
[Round "3.68"]
[White "Megias, Eva"]
[Black "Korning, Peter"]
[Result "1/2-1/2"]
[WhiteElo "1586"]
[BlackElo "1961"]
[WhiteFideId "465062"]
[BlackFideId "1723332"]
[EventDate "2019.11.29"]

1. e4 e5 2. f4 exf4 3. Nf3 Nf6 4. e5 Nh5 5. d4 d6 6. Bc4 d5 7. Bb3 Be7 8. O-O
O-O 9. Ne1 g6 10. Bxf4 Nxf4 11. Rxf4 Bg5 12. Rf1 Be6 13. Nd2 c5 14. dxc5 Nd7 15.
Nd3 Nxc5 16. Nxc5 Qb6 17. Kh1 Qxc5 18. Nf3 Bh6 19. c3 Bg7 20. Qe2 Qc7 21. Rae1
a6 22. Nd4 Rad8 23. Nxe6 fxe6 24. Rxf8+ Rxf8 25. c4 Qxe5 26. Qxe5 Bxe5 27. cxd5
exd5 28. Bxd5+ Kg7 29. Bxb7 a5 30. b3 Rf2 31. a4 Ra2 32. Bf3 Ra1 33. Bd1 Bc3 34.
Rf1 g5 35. g4 Ra2 36. Rg1 Be5 37. Rg2 Rxg2 38. Kxg2 Kf6 39. Bc2 h6 40. h3 Bc3
41. Kf3 Ke5 42. Bf5 Kd4 43. Bg6 Bb4 44. Bf7 Bc3 45. Kg3 Ke3 46. Bd5 Be1+ 47. Kg2
Kf4 48. Bc4 Bb4 49. Bb5 Bc5 50. Bc4 Bd6 51. Bf1 Ke3 52. Bc4 Kf4 1/2-1/2

[Event "London Classic Open 2019"]
[Site "London ENG"]
[Date "2019.11.30"]
[Round "3.69"]
[White "Jacobs, Robert"]
[Black "Haddock, Paul"]
[Result "1-0"]
[WhiteElo "1935"]
[BlackElo "1481"]
[WhiteFideId "450049"]
[BlackFideId "419150"]
[EventDate "2019.11.29"]

1. g3 e5 2. Bg2 Nc6 3. c4 d6 4. Nc3 Nf6 5. d3 h6 6. e3 Be7 7. Nge2 O-O 8. O-O
Be6 9. Nd5 Bxd5 10. cxd5 Nb8 11. Bd2 c6 12. dxc6 Nxc6 13. b4 a6 14. a4 d5 15.
Qb3 b5 16. Rfc1 Rc8 17. axb5 axb5 18. Bh3 Rc7 19. d4 e4 20. Ra2 g5 21. Rac2 Qd6
22. Rc5 g4 23. Bf1 Rfc8 24. Rxb5 Qd7 25. Rb6 Nd8 26. Rxc7 Qxc7 27. Ra6 Qc4 28.
Qxc4 Rxc4 29. b5 Kg7 30. b6 Bb4 31. Bxb4 Rxb4 32. Nc3 Rb3 33. Nb5 Nd7 34. Ra8
Nxb6 35. Rxd8 Nc4 36. Rxd5 Rb1 37. Nc3 Rc1 38. Nxe4 f5 39. Rxf5 Kg6 40. Rc5 1-0

[Event "London Classic Open 2019"]
[Site "London ENG"]
[Date "2019.11.30"]
[Round "3.70"]
[White "Hughes, Anthony"]
[Black "Kumar, Sanjit S"]
[Result "1-0"]
[WhiteTitle "CM"]
[WhiteElo "1874"]
[BlackElo "1469"]
[WhiteFideId "1803093"]
[BlackFideId "468142"]
[EventDate "2019.11.29"]

1. e4 e5 2. Nf3 Nc6 3. Nc3 Nf6 4. d4 exd4 5. Nxd4 Bb4 6. Nxc6 bxc6 7. Bd3 d5 8.
exd5 cxd5 9. O-O O-O 10. h3 c6 11. Qf3 Bd6 12. Bg5 Rb8 13. Rab1 h6 14. Bxf6 Qxf6
15. Qxf6 gxf6 16. b3 Bd7 17. Ne2 Rfe8 18. c4 Bf5 19. Bxf5 Rxe2 20. cxd5 cxd5 21.
Rfd1 Bc5 22. Rxd5 Bxf2+ 23. Kh2 Rxa2 24. Bd3 Bb6 25. Rd7 Rd2 26. Bh7+ Kxh7 27.
Rxd2 Re8 28. Rd7 Kg6 29. Rbd1 Re3 30. R7d3 Re7 31. Kg3 Re2 32. R1d2 Re4 33. Kf3
Re7 34. Re2 Rc7 35. Re8 Rc2 36. Rg8+ Kh7 37. Rg4 Rc7 38. Ke4 Rc5 39. Rf4 Re5+
40. Kf3 Kg7 41. Rg4+ Kh7 42. Rd7 Re3+ 43. Kf4 Rxb3 44. Rxf7+ Kh8 45. Kf5 Bd4 46.
Rxd4 Rg3 47. Rd8+ Rg8 48. Rxg8+ Kxg8 49. Rxa7 Kh8 50. Kg6 Kg8 51. Ra8# 1-0

[Event "London Classic Open 2019"]
[Site "London ENG"]
[Date "2019.11.30"]
[Round "3.71"]
[White "Chatterjee, Sagnik"]
[Black "Siddharth, Gopakumar"]
[Result "0-1"]
[WhiteElo "1438"]
[BlackElo "1848"]
[WhiteFideId "64300455"]
[BlackFideId "5053463"]
[EventDate "2019.11.29"]

1. d4 d5 2. Bf4 Nf6 3. e3 e6 4. c3 Bd6 5. Bg3 Ne4 6. Bd3 Nxg3 7. hxg3 g6 8. Nd2
c5 9. Ngf3 Nc6 10. e4 cxd4 11. cxd4 dxe4 12. Bxe4 f5 13. Bxc6+ bxc6 14. O-O O-O
15. Re1 c5 16. Nc4 cxd4 17. Nxd4 Re8 18. Nc6 Qf6 19. Nxd6 Rf8 20. Nxc8 Raxc8 21.
Rc1 Rc7 22. Qd6 Rfc8 23. Rxe6 Qxb2 24. Ne7+ Kf7 25. Nxc8 Qxc1+ 0-1

[Event "London Classic Open 2019"]
[Site "London ENG"]
[Date "2019.11.30"]
[Round "3.72"]
[White "Covey, Jason"]
[Black "Singha Swati"]
[Result "1-0"]
[WhiteElo "1773"]
[BlackElo "1419"]
[WhiteFideId "430986"]
[BlackFideId "45013004"]
[EventDate "2019.11.29"]

1. e4 e5 2. Nf3 Nc6 3. Bb5 d6 4. O-O Bd7 5. c3 Nf6 6. Re1 a6 7. Ba4 Na7 8. Bb3
Qe7 9. d3 h6 10. Nbd2 g5 11. Nc4 g4 12. Nfd2 Nh5 13. d4 O-O-O 14. Nf1 f6 15.
Nfe3 Qg7 16. Nd5 f5 17. exf5 Bxf5 18. Nce3 Bd7 19. dxe5 dxe5 20. Qe2 Nf4 21. Qc4
Bb5 22. Qe4 Bc6 23. Nf5 Qh7 24. Bxf4 exf4 25. Nde7+ Bxe7 26. Nxe7+ Kb8 27. Nxc6+
Nxc6 28. Qxf4 h5 29. Rad1 Rdf8 30. Qe4 Qg7 31. Bd5 Qf6 32. Qe2 Nd8 33. Rd2 Qg5
34. Rd4 Rf6 35. Qe3 Qg7 36. Re4 Rff8 37. Re7 Qf6 38. Qc5 c6 39. Bc4 h4 40. Qe5+
Qxe5 41. R1xe5 b5 42. Be2 Rfg8 43. g3 Nb7 44. R5e6 Nd8 45. Re4 c5 46. Rxg4 hxg3
47. hxg3 Nc6 48. Rxg8+ Rxg8 49. Re6 Kc7 50. Bf3 Nb8 51. Re5 Nd7 52. Re6 Nb8 53.
Kg2 Rd8 54. Re7+ Kd6 55. Rh7 c4 56. Rh5 Ke6 57. Rh6+ Kf5 58. Rb6 Ke5 59. a4 bxa4
60. Rb4 Nd7 61. Rxa4 Rb8 62. Rxa6 Rxb2 63. Rc6 Nb6 64. g4 Kf4 65. Rc5 Rb3 66.
Rf5# 1-0

[Event "London Classic Open 2019"]
[Site "London ENG"]
[Date "2019.11.30"]
[Round "3.73"]
[White "Kuzhelev, Timur"]
[Black "Rahman, Yad"]
[Result "1-0"]
[WhiteElo "1716"]
[BlackElo "1303"]
[WhiteFideId "44101791"]
[BlackFideId "467626"]
[EventDate "2019.11.29"]

1. e4 e6 2. d4 d5 3. exd5 exd5 4. c4 Nf6 5. Nc3 dxc4 6. Bxc4 c6 7. Nf3 Be7 8.
O-O O-O 9. Ne5 Nbd7 10. Re1 Bd6 11. Bg5 Qc7 12. Nxd7 Bxh2+ 13. Kh1 Bxd7 14. Bxf6
gxf6 15. g3 Kh8 16. Kxh2 Rg8 17. Qf3 Rg6 18. Re7 Bg4 19. Qe3 Qa5 20. Re8+ Rxe8
21. Qxe8+ Rg8 22. Qxf7 1-0

[Event "London Classic Open 2019"]
[Site "London ENG"]
[Date "2019.12.01"]
[Round "4.3"]
[White "Song, Raymond"]
[Black "Praggnanandhaa, R"]
[Result "0-1"]
[WhiteTitle "IM"]
[BlackTitle "GM"]
[WhiteElo "2468"]
[BlackElo "2586"]
[WhiteFideId "3203824"]
[BlackFideId "25059530"]
[EventDate "2019.11.29"]

1. d4 Nf6 2. c4 g6 3. g3 Bg7 4. Bg2 d6 5. Nf3 O-O 6. O-O Nbd7 7. Nc3 e5 8. e4 c6
9. Be3 Ng4 10. Bg5 f6 11. Bd2 f5 12. Bg5 Bf6 13. Bxf6 Qxf6 14. Rc1 f4 15. d5 Nh6
16. dxc6 bxc6 17. Qd2 Nf7 18. b4 g5 19. Rfd1 Nb6 20. c5 dxc5 21. bxc5 Nd7 22.
Na4 Qe7 23. Ne1 Nf6 24. Nd3 Be6 25. Qc3 Nd7 26. Nab2 Qf6 27. Nc4 f3 28. Bf1 g4
29. Nd6 h5 30. Nb4 h4 31. Nxc6 Kg7 32. Nb4 hxg3 33. fxg3 f2+ 34. Kh1 Rh8 35.
Nxf7 Qxf7 36. Rc2 Raf8 37. h4 Qf6 38. Kg2 Nxc5 39. Qe3 Qf3+ 40. Qxf3 gxf3+ 41.
Kxf2 Nxe4+ 42. Ke3 Nxg3 43. Rc7+ Kf6 44. Kxf3 Nf5 45. Rxa7 Rxh4 46. Nc6 Rf4+ 47.
Ke2 Ng3+ 48. Kd3 Nxf1 49. Re1 Bf5+ 50. Ke2 Ng3+ 51. Ke3 Re4+ 52. Kf2 Rxe1 53.
Kxe1 Be4 54. Nb4 Rh8 55. Kd2 Rc8 56. a4 Rb8 57. Na6 Rd8+ 58. Kc3 Ne2+ 59. Kb4
Rd4+ 60. Ka5 Nc3 61. Nc5 Bc2 62. Rc7 Bxa4 0-1

[Event "London Classic Open 2019"]
[Site "London ENG"]
[Date "2019.12.01"]
[Round "4.4"]
[White "Smirnov, Anton"]
[Black "Pert, Richard G"]
[Result "1-0"]
[WhiteTitle "GM"]
[BlackTitle "IM"]
[WhiteElo "2573"]
[BlackElo "2436"]
[WhiteFideId "3208923"]
[BlackFideId "404748"]
[EventDate "2019.11.29"]

1. d4 d5 2. c4 e6 3. Nf3 Nf6 4. Nc3 a6 5. cxd5 exd5 6. Bg5 Be6 7. e3 Nbd7 8. Bd3
Be7 9. Qc2 h6 10. Bf4 O-O 11. h3 c5 12. g4 Rc8 13. g5 hxg5 14. Nxg5 Nh5 15. Nxe6
fxe6 16. Qe2 Nxf4 17. exf4 Rf6 18. Rg1 Bd6 19. Qh5 Nf8 20. O-O-O Bxf4+ 21. Kb1
Bh6 22. dxc5 Rxc5 23. f4 Rxc3 24. bxc3 Qb6+ 25. Ka1 Bxf4 26. Rg2 Qc7 27. Kb2 Be5
28. Rc1 Rf4 29. a3 Qb6+ 30. Ka2 Bf6 31. c4 dxc4 32. Bxc4 Qe3 33. Qd1 Rf3 34. Bb3
a5 35. Re2 Rf2 36. Rcc2 Rxe2 37. Rxe2 Qc3 38. Qe1 Qd4 39. Rd2 Qc3 40. Bxe6+ Nxe6
41. Qxe6+ Kh7 42. Qe4+ Kh6 43. Qd3 Qa1+ 44. Kb3 b5 45. Rg2 g5 46. Re2 Qf1 47. a4
bxa4+ 48. Kxa4 Qa1+ 49. Kb5 a4 50. Re3 a3 51. Qxa3 Qxa3 52. Rxa3 Be5 53. Ra4 Bf4
54. Ra8 Kg6 55. Kc4 Bg3 56. Kd3 Kf5 57. Ke3 Bh4 58. Rf8+ Ke5 59. Kf3 Ke6 60. Kg4
Ke7 61. Ra8 Kf6 62. Ra6+ Kf7 63. Kf5 Ke7 64. Ra7+ Kf8 65. Rh7 Kg8 66. Kg6 Kf8
67. Kf6 Ke8 68. Kf5 Kd8 69. Ke6 Bg3 70. Kf5 Bh4 71. Rg7 Ke8 72. Ke6 Kd8 73. Rg6
Kc7 74. Rg8 Kb7 75. Kd7 Kb6 76. Rc8 Kb7 77. Rc6 Bg3 78. Rc3 Bh4 79. Rb3+ Ka6 80.
Ke6 1-0

[Event "London Classic Open 2019"]
[Site "London ENG"]
[Date "2019.12.01"]
[Round "4.7"]
[White "Risting, Eivind Olav"]
[Black "Maze, Sebastien"]
[Result "1/2-1/2"]
[WhiteTitle "FM"]
[BlackTitle "GM"]
[WhiteElo "2298"]
[BlackElo "2541"]
[WhiteFideId "1517333"]
[BlackFideId "613762"]
[EventDate "2019.11.29"]

1. d4 g6 2. e4 c6 3. Nc3 d5 4. h3 Bg7 5. Nf3 Nh6 6. Bd3 f6 7. O-O Nf7 8. Re1 O-O
9. exd5 cxd5 10. Bf4 Nc6 11. Bb5 e6 12. Bh2 Qb6 13. Ba4 a6 14. Rb1 Bd7 15. Ne2
Rfe8 16. Nf4 Rad8 17. c3 Bc8 18. Re2 Qa7 19. Qd2 b5 20. Bb3 Na5 21. Rbe1 Bh6 22.
Qd3 Bxf4 23. Bxf4 Nc4 24. h4 Nfd6 25. Qb1 Qf7 26. Bc2 Bb7 27. Qc1 Ne4 28. Nh2 e5
29. dxe5 fxe5 30. Bxe4 exf4 31. Bf3 Rxe2 32. Rxe2 Qf6 33. Qe1 Kf8 34. Ng4 Qxh4
35. Re6 Ne3 36. Nxe3 fxe3 37. Qxe3 Bc8 38. g3 Qh3 39. Rf6+ Kg8 40. Qe7 Qd7 41.
Qxd7 Rxd7 42. Bg4 Rc7 43. Bxc8 Rxc8 44. Rxa6 d4 45. cxd4 Rc2 46. b3 Rd2 47. Rb6
Rxa2 48. Rxb5 Rd2 49. d5 h5 50. Kg2 Kf7 51. Kf3 Kf6 52. Ke3 Rd1 53. Ke4 Re1+ 54.
Kd4 g5 55. Rb6+ Kg7 56. Kc5 Rc1+ 57. Kd6 Rc2 58. Kd7 Rxf2 59. d6 h4 60. gxh4
gxh4 61. Rb4 h3 62. Rh4 h2 63. Ke7 Rf7+ 64. Kd8 Rf6 65. Rxh2 Rxd6+ 66. Kc7 Rd4
67. Rf2 Rb4 68. Rf3 Kg6 69. Kc6 Rb8 70. Kc5 Rc8+ 71. Kd4 Rd8+ 72. Kc3 Rc8+ 73.
Kb2 Rb8 74. Rf4 Kg5 75. Rc4 Kf5 76. b4 Ke5 77. Kb3 Kd5 78. Rc1 Kd6 79. Rc5 Ra8
80. Kc4 Rh8 81. Kb5 Rb8+ 82. Ka4 Ra8+ 83. Ra5 Rh8 84. Rg5 Kc7 85. Kb5 Rh6 86.
Ka5 Kb7 87. b5 1/2-1/2

[Event "London Classic Open 2019"]
[Site "London ENG"]
[Date "2019.12.01"]
[Round "4.8"]
[White "Berry, Neil"]
[Black "Fodor, Tamas Jr."]
[Result "1/2-1/2"]
[WhiteTitle "FM"]
[BlackTitle "GM"]
[WhiteElo "2250"]
[BlackElo "2533"]
[WhiteFideId "2400650"]
[BlackFideId "723762"]
[EventDate "2019.11.29"]

1. d4 d5 2. c4 e6 3. Nf3 c6 4. e3 f5 5. Bd3 Nf6 6. O-O Bd6 7. b3 Qe7 8. Bb2 O-O
9. Nc3 Ne4 10. Rc1 Nd7 11. Ne2 Qf6 12. Rc2 a5 13. Nf4 a4 14. Be2 axb3 15. axb3
Qh6 16. Ne5 Nxe5 17. dxe5 Be7 18. Nd3 b6 19. cxd5 exd5 20. Qc1 Bb7 21. f3 Bg5
22. f4 Be7 23. b4 c5 24. bxc5 bxc5 25. Nf2 Qb6 26. Nxe4 fxe4 27. Rd1 Rfd8 28.
Rcd2 Bc6 29. Bc3 Ba4 30. Rb2 Qc6 31. Re1 Kh8 32. Bd2 c4 33. Bc3 Ba3 34. f5 Qh6
35. Qd2 Bb3 36. f6 Bxb2 37. Bxb2 Ra2 38. fxg7+ Kg8 39. Qd4 Rxb2 40. Qxb2 Qxe3+
41. Kh1 Kxg7 42. Qa3 Qg5 43. Qa7+ Kg8 44. Qd4 Bc2 45. Bxc4 dxc4 46. Qxc4+ Kh8
47. Qxc2 Qxe5 48. h3 e3 49. Qe2 Re8 50. Kg1 Qc3 1/2-1/2

[Event "London Classic Open 2019"]
[Site "London ENG"]
[Date "2019.12.01"]
[Round "4.10"]
[White "Hebden, Mark L"]
[Black "Ratnesan, Ranesh"]
[Result "1-0"]
[WhiteTitle "GM"]
[WhiteElo "2436"]
[BlackElo "2180"]
[WhiteFideId "400084"]
[BlackFideId "439339"]
[EventDate "2019.11.29"]

1. d4 d5 2. Nc3 Nf6 3. Bf4 c5 4. e3 cxd4 5. exd4 a6 6. Bd3 Nc6 7. Nge2 g6 8. Qd2
Bg7 9. Bh6 O-O 10. h4 e5 11. Bxg7 Kxg7 12. dxe5 Nxe5 13. O-O-O b5 14. Nd4 b4 15.
Nce2 a5 16. f3 Nc4 17. Qf4 Qb6 18. h5 Ra7 19. h6+ Kg8 20. Bxc4 dxc4 21. Nc6 Qxc6
22. Rd6 Qxd6 23. Qxd6 Ra6 24. Qd4 Re8 25. Nf4 Bb7 26. Qxc4 Rd6 27. Rd1 Rxd1+ 28.
Kxd1 1-0

[Event "London Classic Open 2019"]
[Site "London ENG"]
[Date "2019.12.01"]
[Round "4.12"]
[White "Ethelontis, Alexandros N"]
[Black "McDonald, Neil"]
[Result "1/2-1/2"]
[BlackTitle "GM"]
[WhiteElo "2139"]
[BlackElo "2412"]
[WhiteFideId "405469"]
[BlackFideId "400629"]
[EventDate "2019.11.29"]

1. c4 f5 2. g3 Nf6 3. Bg2 g6 4. Nc3 Bg7 5. e3 O-O 6. Nge2 d6 7. O-O e5 8. d3 c6
9. b3 Be6 10. Ba3 Bf7 11. Qd2 a5 12. Rae1 Na6 13. d4 e4 14. f3 exf3 15. Bxf3 Re8
16. Nf4 Nc7 17. d5 b5 18. Bb2 b4 19. Na4 c5 20. Ne6 Bxe6 21. dxe6 Ra7 22. Rd1
Nxe6 23. Qxd6 Qxd6 24. Rxd6 Ne4 25. Bxe4 fxe4 26. Bxg7 Kxg7 27. h4 Rc7 28. g4
Nf8 29. Kg2 Nd7 30. Rf4 Re5 31. g5 Re7 32. Rd5 h6 33. Rd6 hxg5 34. hxg5 Ne5 35.
Rxe4 Nf7 36. Rxe7 Rxe7 37. Rd5 Rxe3 38. Nxc5 Re2+ 39. Kf3 Rxa2 40. Ne6+ Kg8 41.
Nd4 a4 42. bxa4 Rxa4 43. Rb5 b3 44. Rb8+ Kh7 45. Rb7 Kg8 46. Rb8+ Kh7 47. Rb7 1/2-1/2

[Event "London Classic Open 2019"]
[Site "London ENG"]
[Date "2019.12.01"]
[Round "4.16"]
[White "Rocco, Federico"]
[Black "Gschnitzer, Adrian"]
[Result "0-1"]
[BlackTitle "FM"]
[WhiteElo "2207"]
[BlackElo "2422"]
[WhiteFideId "431362"]
[BlackFideId "1270337"]
[EventDate "2019.11.29"]

1. e4 c5 2. Nf3 e6 3. d4 cxd4 4. Nxd4 Nc6 5. Nc3 Qc7 6. g3 a6 7. Bg2 h5 8. h3
Nf6 9. O-O Bc5 10. Nb3 Ba7 11. Bf4 Ne5 12. Bxe5 Qxe5 13. Kh1 Ng4 14. Qe2 g5 15.
Nd1 b5 16. a4 b4 17. hxg4 hxg4+ 18. Kg1 Qxg3 19. Re1 a5 20. Nc1 Rh2 21. Ne3 Bxe3
22. fxe3 Rxg2+ 23. Qxg2 Qxe1+ 24. Kh2 Bb7 25. Qxg4 O-O-O 0-1

[Event "London Classic Open 2019"]
[Site "London ENG"]
[Date "2019.12.01"]
[Round "4.19"]
[White "Taylor, Adam C"]
[Black "Walker, Martin G"]
[Result "1/2-1/2"]
[WhiteTitle "IM"]
[BlackTitle "FM"]
[WhiteElo "2371"]
[BlackElo "2162"]
[WhiteFideId "424668"]
[BlackFideId "410969"]
[EventDate "2019.11.29"]

1. Nf3 d5 2. c4 Nf6 3. cxd5 Nxd5 4. d4 g6 5. e4 Nb6 6. h3 Bg7 7. Nc3 O-O 8. a4
a5 9. Be2 Nc6 10. Nb5 e5 11. Bg5 f6 12. Be3 exd4 13. Nfxd4 Qe7 14. O-O f5 15.
exf5 Nxd4 16. Bxd4 Bxf5 17. Re1 Qd7 18. Rc1 Bxd4 19. Qxd4 Qxd4 20. Nxd4 c6 21.
Nxf5 Rxf5 22. Bg4 Rff8 23. Re7 Nxa4 24. Rxb7 Rab8 25. Rxb8 Rxb8 26. b3 Nb2 27.
Rxc6 a4 28. bxa4 Nxa4 29. h4 Rb7 30. h5 Kg7 31. Bf3 Rb6 32. Rc4 Ra6 33. Be2 Re6
34. Bg4 Ra6 35. Bc8 Ra7 36. Rc6 Nb2 37. hxg6 hxg6 38. Ba6 Rd7 39. Bb5 Rb7 40.
Be2 Na4 41. Kh2 Rb6 42. Rc4 Nb2 43. Re4 Kf6 44. g3 Re6 45. Rf4+ Kg7 46. Bb5 Rf6
47. Rxf6 Kxf6 48. Kg2 Nd1 49. Kf3 Nc3 50. Bc6 g5 51. Ke3 Ke5 52. f3 Na2 53. Kd2
Nb4 54. Bb7 Kd4 55. Be4 g4 56. fxg4 Kxe4 57. g5 Kf5 58. g4+ Kxg5 59. Kc3 Kxg4 1/2-1/2